Auf dem Weg zum Ich

Saved in:  
Bibliographic Details
Main Author: Dunde, Siegfried Rudolf 1953-1993 (Author)
Format: Print Book
Language:German
Subito Delivery Service: Order now.
Check availability: HBZ Gateway
WorldCat: WorldCat
Interlibrary Loan:Interlibrary Loan for the Fachinformationsdienste (Specialized Information Services in Germany)
Published: Gütersloh Gütersloher Verlagshaus Mohn 1984
In:Year: 1984
Edition:Orig.-Ausg.
Series/Journal:Gütersloher Taschenbücher Siebenstern Sachbuch 951
Further subjects:B I
B Manner of living
Sammlungen:

MARC

LEADER 00000cam a2200000 c 4500
001 023511745
003 DE-627
005 20250311185004.0
007 tu
008 860124s1984 gw ||||| 00| ||ger c
015 |a 84,N37,0039  |2 dnb 
015 |a 85,A06,0166  |2 dnb 
016 7 |a 840865961  |2 DE-101 
020 |a 3579009516  |9 3-579-00951-6 
035 |a (DE-627)023511745 
035 |a (DE-576)059318988 
035 |a (DE-599)GBV023511745 
035 |a (OCoLC)256205690 
035 |a (OCoLC)65003691 
040 |a DE-627  |b ger  |c DE-627  |e rakwb 
041 |a ger 
044 |c XA-DE 
084 |a 11  |a 14  |2 sdnb 
084 |a 1  |2 ssgn 
100 1 |0 (DE-588)136221076  |0 (DE-627)577724223  |0 (DE-576)164180842  |4 aut  |a Dunde, Siegfried Rudolf  |d 1953-1993 
109 |a Dunde, Siegfried Rudolf 1953-1993  |a Dunde, Siegfried R. 1953-1993  |a Dunde, S. R. 1953-1993  |a Dunde, Siegfried 1953-1993 
245 1 0 |a Auf dem Weg zum Ich  |c Siegfried Rudolf Dunde 
250 |a Orig.-Ausg. 
264 1 |a Gütersloh  |b Gütersloher Verlagshaus Mohn  |c 1984 
300 |a 128 S  |b graph. Darst.  |c 8° 
336 |a Text  |b txt  |2 rdacontent 
337 |a ohne Hilfsmittel zu benutzen  |b n  |2 rdamedia 
338 |a Band  |b nc  |2 rdacarrier 
490 0 |a Gütersloher Taschenbücher Siebenstern  |v 951  |a Sachbuch 
500 |a Literaturverz. S. 125 - 128 
583 1 |a Archivierung prüfen  |c 20200919  |f DE-640  |z 2  |2 pdager 
583 1 |a Archivierung prüfen  |c 20240324  |f DE-4165  |z 1  |2 pdager 
583 1 |a Archivierung/Langzeitarchivierung gewährleistet  |c 20240722  |f NI-LastCopies  |x XA-DE-NI  |z Potenzieller Alleinbesitz Niedersachsen  |2 pdager  |5 DE-89 
650 4 |a Lebensführung 
650 4 |a Ich 
935 |a RFBW  |a mteo 
935 |i Blocktest 
951 |a BO 
ELC |b 1 
LOK |0 000 xxxxxcx a22 zn 4500 
LOK |0 001 4488238653 
LOK |0 003 DE-627 
LOK |0 004 023511745 
LOK |0 005 20240821134443 
LOK |0 008 240220||||||||||||||||ger||||||| 
LOK |0 040   |a DE-Tue135  |c DE-627  |d DE-Tue135 
LOK |0 092   |o n 
LOK |0 852   |a DE-Tue135 
LOK |0 852 1  |9 00 
LOK |0 866   |x SPQUE#Reformationsgeschichtliche Forschungsbibliothek Wittenberg#SPSAM#Predigerseminar#SPUSM#Bestand(1952-2017) 
LOK |0 935   |a RFBW  |a bips  |a psnb 
LOK |0 939   |a 20-02-24  |b l01 
ORI |a SA-MARC-ixtheoa001.raw 
STA 0 0 |a I,Ego,Ego (Psychology),Manner of living,Manner of living,Course of life 
STB 0 0 |a Mode de vie,Mode de vie,Moi,Moi (philosophie) 
STC 0 0 |a Modo de vida,Modo de vida,Yo 
STD 0 0 |a Condotta di vita,Condotta di vita,Io 
STE 0 0 |a 生活方式,生活方式,自我 
STF 0 0 |a 生活方式,生活方式,自我 
STG 0 0 |a Eu,Modo de vida,Modo de vida 
STH 0 0 |a Образ жизни (мотив),Образ жизни,Я (психология) 
STI 0 0 |a Εγώ,Τρόπος ζωής (μοτίβο),Τρόπος ζωής 
SYE 0 0 |a Lebenstechnik,Lebensgestaltung , Ego